| 000 | 00974nam a22002897a 4500 | ||
|---|---|---|---|
| 001 | 89009 | ||
| 003 | DO-SdBNP | ||
| 005 | 20180201151157.0 | ||
| 007 | 89009 | ||
| 008 | 901204s1987 sp spa | ||
| 016 | 7 |
_z _2BPMSU |
|
| 017 | _a | ||
| 040 |
_aBPMSU _bspa _cBPMSU |
||
| 100 | 1 | _aHofman, Ota | |
| 245 | 1 | 0 |
_aPan Tau : _bsu historia completa, cómo se perdió y cómo volvieron a encontrarle _cOta Hofman ; traducción de Lola Romero ; ilustraciones de Günther Lawrenz |
| 260 |
_aBarcelona : _bSalvat, _c1987 |
||
| 300 |
_a2 v. : _bil.; _c22 cm. |
||
| 490 | 1 |
_aBiblioteca juvenil _v44 |
|
| 500 | _aTraducción de: Pan Tau a tisic zazraku | ||
| 505 | 0 | _av. 1. Llega Pan Tau v. 2. Desaparece Pan Tau | |
| 700 | 1 |
_aRomero, Lola _etraductor |
|
| 700 | 1 |
_aLawrenz, Günther _eilustración |
|
| 830 | 0 |
_aBiblioteca juvenil (Salvat Editores) _v44 |
|
| 942 |
_2ddc _cBK |
||
| 945 | _aInventariado, 2018 / BT | ||
| 956 |
_aVMATEO _210 _320151123 _6BPMSU _800151 |
||
| 999 |
_c8861 _d8861 |
||